| 000 | 00826nam a22002537a 4500 | ||
|---|---|---|---|
| 001 | 1446 | ||
| 003 | CO-MdFUSB | ||
| 005 | 20180622072712.0 | ||
| 008 | 170308t1926 xxu||||| |||| 00| 0 eng d | ||
| 040 |
_aCO-MdFUSB _bspa _cCO-MdFUSB _dCO-MdFUSBC _erda |
||
| 041 | 0 | _aeng | |
| 082 | 0 | 4 | _aG 201 H6286i |
| 100 | 1 |
_aHickman, Frank Simpson (1886-) _eautor |
|
| 245 | 0 |
_aIntroduction to the psychology of religion _b _c/ Frank S. Hickman |
|
| 264 | 4 |
_aNew Yor, N.Y., USA : _bAbingdon, _c©1926 |
|
| 300 |
_a558 Pag. _b: _c; |
||
| 336 |
_2rdacontent _atexto _btxt |
||
| 337 |
_2rdamedia _asin mediación _bn |
||
| 338 |
_2rdacarrier _avolumen _bnc |
||
| 501 | _aPasta dura | ||
| 505 | 0 | 0 | _aLa psicología de la religión - La experiencia religiosa - La adoración - La oración |
| 653 | _aFilosofía de la religión | ||
| 942 | _cBK | ||
| 999 |
_c32766 _d32766 |
||